000 00568nam a2200229 i 4500
001 C2-0116320
003 PPAK
005 20180727105742.0
008 970720s1982 ilua|||| ||||| | eng d
020 _a0673139506
040 _aPPAK
_beng
_cPPAK
_erda
082 0 4 _a428.6
_223
090 0 0 _a428.6
_bSUN
_dG
245 0 0 _aSun Spray
264 1 _aIllinois :
_bScott, Foresman ,
_c1982
300 _billustrations ;
_c23 cm
336 _2rdacontent
_atext
337 _2rdamedia
_aunmediated
338 _2rdacarrier
_avolume
650 1 0 _aReaders
942 _ddc
_cB
999 _c30521
_d30521